000 00549nam a2200169 4500
003 SEACOMMC
005 20250507115505.0
008 250507b |||||||| |||| 00| 0 eng d
020 _a81-7381-552-6
_c85.00
040 _aSEACOMMC
082 _a005.5062
_bJ 33
100 _aJana, Madan Mohan
245 1 _aAn Overview of Information Technology and its Application in Business
_cMadan Mohan Jana [and] Nabin Kumar Samanta
260 _a Kolkata
_b New Central Book Agency
_c c2009
650 _a Business - Computer Network Resources
942 _cBOOK
999 _c1210
_d1210